History Quiz

Random History or Minefield Quiz

US President Incumbent Losers Minefield Quiz Stats

Quiz Updated Feb 7, 2013

Challenge
Share
Tweet
Embed
Score 0/11 Timer 03:00
3 Plays Today
Party President % Correct
R???
80.9%
D???
74.3%
R???
63%
F???
62.6%
D-R???
62.2%
R???
49.3%
D???
38.4%
R???
36.4%
D???
32.6%
R???
29.8%
Mine:???
19%

You're not logged in!

Compare scores with friends on all Sporcle quizzes.
Sign Up with Email
OR
Log In

You Might Also Like...

Show Comments

Extras

Top Quizzes Today


Score Distribution

Your Account Isn't Verified!

In order to create a playlist on Sporcle, you need to verify the email address you used during registration. Go to your Sporcle Settings to finish the process.